000 00629nam a22001817a 4500
003 UA-OsUOA
001 15305
007 ta
008 20031105b un ||||| |||| 00| 0 ukr d
100 _aБагнюк О.
942 _cSA
040 _aUA-OsUOA
_cUA-OsUOA
_dUA-OsUOA
245 _aЗа вигляд Рівного відповідає кожен з нас: [Зовнішній ремонт об'єктів м.Рівного проводить ЗАТ "Реноме"]
300 _aС.8
955 _a0
773 0 _w0
_tОго
_dРівне
_d2003
_g№117/10 лип./
650 7 _aКраєзнавча робота
_2UDC
999 _c301470
_d301470